000
00341nam a2200157Ia 4500
100
_a
Kaushik/Saraj
650
_a
Artificial Intelligence
942
_c
BK
366
_f
27
245
_a
Artificial intelligence
260
_b
Cengage Learning
_c
2011
082
_a
6.3
_b
KAU
300
_a
645
546
_a
ENGLISH
_c
Computers
999
_c
27633
_d
27633